| 000 | 00515nam a2200181 a 4500 | ||
|---|---|---|---|
| 003 | PILC | ||
| 005 | 20150112093436.0 | ||
| 008 | 100727s19uu xx 00 eng d | ||
| 020 | _a9712331873 | ||
| 050 |
_aK 661 _b.R696 2001 |
||
| 082 |
_aSFf 340 _bR61 2001 |
||
| 100 |
_aRodriguez, Rufus B. _916044 |
||
| 245 |
_aIntroduction to law / _cRufus B. Rodriguez |
||
| 260 |
_aManila, Philippines : _bRex Bookstore, _c2001. |
||
| 300 |
_a193 pages : _billustration ; _c19 cm. |
||
| 650 |
_aLaw _916045 |
||
| 942 |
_2lcc _cBK |
||
| 999 |
_c14558 _d14558 |
||